01228nam a2200241Ia 450000100060000000300090000600800410001504000130005604000130006904100130008210000110009510000290010624500350013524500350017025000110020526000110021626000150022726000490024230000430029150005960033465000250093065000310095557925IT-RoPAU130308s9999 xx 000 0 und d aIT-RoPAU cIT-RoPAU aITALIANO aAA.VV. gCodice Aut. SPICS: 12000 aIndustria dello spot (L')-1987 bIndustria Dello spot (L')-1987 a1a ed. aMILANO bComunicare c1987 [1° Ed.:1987 - Ed.Ling.Originale:1987] a"112 p. (prefazione: no ; testo: 112)" aAppunti Sugli Effetti Speciali. scelta della Casa di Produzione e Preventivo Dello Spot. interviste a vari registi di spot Pubblicitari. spot in Agenzia: Alimentari, Audiovisivi foto Ottica, Arredamento, Elettrodomestici, Attrezzature, Bevande, Servizi Trasporto, Oggetti Personali, prodotti Pulizia, prodotti salute e Bellezza, Servizi, tessili e Abbigliamento. Schede Caseproduttrici di Spot. Bbe Cinematografica. Bozzetto. Garage Cinematografica. gruppo Cooper. Hoot. International Emmevision. Mercurio Cinematografica. Recta Film. Videco. Music Production. video Lab Videovan. Viewpoint. aSAGGI DI PUBBLICITA' eCodice materia Spics: 6211